[Event "Tournoi francophone 001 Groupe A"]
[Site "Skype"]
[Date "????.??.??"]
[Round "9.1"]
[White "Ayotte, Jocelyn"]
[Black "Plourde, Alain"]
[Result "1-0"]
[WhiteElo "2107"]
[BlackElo "1886"]
[PlyCount "121"]

1. d4 Nf6 2. Nf3 e6 3. g3 b6 4. Bg2 Bb7 5. O-O c5 6. c4 Nc6 7. Nc3 d5 8. cxd5
Nxd5 9. e4 Nxc3 10. bxc3 cxd4 11. cxd4 Be7 12. Qa4 O-O 13. Rd1 Na5 14. d5 exd5
15. exd5 Bd6 16. Bb2 Bc8 17. Qd4 f6 18. Qh4 Qd7 19. Nd4 Qg4 20. Qxg4 Bxg4 21.
f3 Bd7 22. Bf1 Nb7 23. f4 Rfe8 24. Rac1 Rac8 25. Ba6 Rxc1 26. Rxc1 Nc5 27. Bc4
a6 28. Rc2 Na4 29. Nb3 Nxb2 30. Rxb2 b5 31. Bf1 Rc8 32. Kf2 Kf7 33. Bd3 h5 34.
f5 Be5 35. Rc2 Rxc2+ 36. Bxc2 Bd6 37. Kf3 Ke7 38. Ke4 b4 39. Bd3 Bc8 40. Nd4
Bd7 41. Bxa6 h4 42. gxh4 Bxh2 43. Bb5 Bc8 44. Nc6+ Kd6 45. Nxb4 Kc5 46. Ba6
Kxb4 47. Bxc8 Bd6 48. Bd7 Ka3 49. Kd4 Kxa2 50. Kc4 Kb2 51. Ba4 Ka3 52. Bd1 Bc7
53. Kb5 Bd8 54. h5 Kb2 55. Kc6 Kc3 56. Kd7 Ba5 57. Ke7 Kd4 58. d6 Ke5 59. Bc2
Bb4 60. Kf7 Bxd6 61. Kxg7 1-0

[Event "Tournoi francophone 001 Groupe A"]
[Site "Skype"]
[Date "????.??.??"]
[Round "9.2"]
[White "Deville, Olivier"]
[Black "Lambert, Pierre"]
[Result "0-1"]
[WhiteElo "1945"]
[BlackElo "1830"]
[PlyCount "48"]

1. c4 Nf6 2. Nf3 e6 3. g3 b6 4. Bg2 Bb7 5. O-O Be7 6. d4 O-O 7. Nc3 d5 8. Ne5
c5 9. dxc5 Bxc5 10. cxd5 Nxd5 11. Nxd5 Bxd5 12. Bxd5 Qxd5 13. Qxd5 exd5 14. Bf4
f6 15. Nf3 Re8 16. Rfe1 Nc6 17. Rac1 Re6 18. Kf1 Rae8 19. Rcd1 d4 20. a3 a5 21.
Nd2 g5 22. Bc7 Rc8 23. b4 axb4 24. axb4 Nxb4 0-1

[Event "Tournoi francophone 001 Groupe A"]
[Site "Skype"]
[Date "????.??.??"]
[Round "9.3"]
[White "Janssen, Gerard"]
[Black "Sojka, Bernard"]
[Result "0-1"]
[WhiteElo "1761"]
[BlackElo "1968"]
[PlyCount "82"]

1. d4 Nf6 2. c4 c5 3. d5 b5 4. e3 d6 5. cxb5 a6 6. Nc3 g6 7. a4 axb5 8. Bxb5+ Bd7 9. Nge2 {En principe, ce Cavalier doit venir soutenir l'aile Dame en c4 et pour cette raison, il doit suivre le chemin suivant : f3-d2-c4} 9... Bxb5 10. Nxb5 Bg7 11. O-O O-O 12. Nf4 Na6 13. f3 Nc7 14. Nc3 Qb8 15. Qc2 Qb4 16. Bd2 Rfb8?? {Il fallait revenir en b7 car Cb5 gagne la Dame} 17. Rab1? Nd7 18. b3 Qb7 {Il était temps !} 19. e4 Ne5 20. Nh3 Qa6 21. Nf2 Rb7 22. f4 Nd7 23. g4 Rab8 24. h4 {Ce coup me semble un peu hâtif. Il fallait peut-être soutenir les Pions} 24... c4 25. Nb5 Nxb5?! {Finalement, il fallait plutôt prendre le Pion b3} 26. axb5 Rxb5 27. Qxc4 Rc8 ( 27... Qa2 {gagne immédiatement une pièce.} ) 28. Qa4 Qb7 29. b4 Rc4 30. Rfc1 Nc5 31. Qa3 {Da2 était bien meilleur} 31... Nxe4 32. Nxe4 ( 32. Rxc4 Nxd2 ) 32... Rxe4 33. Qf3 Qxd5?! { Fd4 était meilleur car il libérait la case g7, permettant au Roi de s'y replier } 34. Rc8+ Bf8 35. Qc3 f6? {e5 était bien meilleur} 36. g5 Re2 37. Qc6 Rxd2 ( 37... Qd4+ 38. Kh1 Qxd2 39. Rf1 Rh2+ 40. Kg1 Rxb4 41. Qa8 Qe3+ 42. Kxh2 Rb2+ 43. Qg2 ) 38. gxf6 exf6 39. Re1 Qxc6 ( 39... Qd4+ 40. Kh1 Qf2 41. Rxf8+ Kxf8 42. Qe8+ Kg7 43. Re7+ Kh6 44. Qf8+ Kh5 45. Rxh7+ Kg4 46. Qc8+ f5 ) 40. Rxc6 Rxb4 41. f5 Rg4+ {Commentaires : Bernard Sojka} 0-1

[Event "Tournoi francophone 001 Groupe A"]
[Site "Skype"]
[Date "????.??.??"]
[Round "9.5"]
[White "Hervais, Adrien"]
[Black "Brun, Jacques"]
[Result "1-0"]
[WhiteElo "1999"]
[BlackElo "1804"]
[PlyCount "41"]

1. e4 c5 2. Nf3 Nc6 3. Bb5 Nd4 4. Nxd4 cxd4 5. f4 a6 6. Ba4 b5 7. Bb3 Bb7 8. d3
g6 9. Nd2 d6 10. Nf3 Bg7 11. O-O Nh6 12. Qe1 e6 13. h3 O-O 14. Qf2 e5 15. fxe5
Kh8 16. Bxh6 Bxh6 17. Qxd4 dxe5 18. Qxd8 Raxd8 19. Nxe5 Be3+ 20. Kh1 Rb8 21.
Nd7 1-0